<?xml version="1.0" encoding="UTF-8"?>
<record
    xmlns:xsi="http://www.w3.org/2001/XMLSchema-instance"
    xsi:schemaLocation="http://www.loc.gov/MARC21/slim http://www.loc.gov/standards/marcxml/schema/MARC21slim.xsd"
    xmlns="http://www.loc.gov/MARC21/slim">

  <leader>00560nam a2200169Ia 4500</leader>
  <controlfield tag="008">230718s9999    xx            000 0 und d</controlfield>
  <datafield tag="020" ind1=" " ind2=" ">
    <subfield code="a">9780792391944</subfield>
  </datafield>
  <datafield tag="041" ind1=" " ind2=" ">
    <subfield code="a">eng</subfield>
  </datafield>
  <datafield tag="082" ind1=" " ind2=" ">
    <subfield code="a">621.39'5</subfield>
    <subfield code="b">GAJ</subfield>
  </datafield>
  <datafield tag="100" ind1=" " ind2=" ">
    <subfield code="a">Gajski D.D.</subfield>
  </datafield>
  <datafield tag="245" ind1=" " ind2=" ">
    <subfield code="a">High - Level Synthesis</subfield>
    <subfield code="b">Introduction To Chip And System Design</subfield>
  </datafield>
  <datafield tag="260" ind1=" " ind2=" ">
    <subfield code="c">1992</subfield>
    <subfield code="b">Kluwer Academic Publishers</subfield>
  </datafield>
  <datafield tag="300" ind1=" " ind2=" ">
    <subfield code="a">359</subfield>
    <subfield code="d">Ref 561 E ME (46535)</subfield>
  </datafield>
  <datafield tag="365" ind1=" " ind2=" ">
    <subfield code="c">Rs.</subfield>
    <subfield code="b">18663.70</subfield>
  </datafield>
  <datafield tag="700" ind1=" " ind2=" ">
    <subfield code="a">Gajski D.D.; Dutt N.D.; Wu Allen C-H &amp; Lin S.Y-L</subfield>
    <subfield code="9">195701</subfield>
  </datafield>
  <datafield tag="906" ind1=" " ind2=" ">
    <subfield code="d">O:0374413-Feb-2014B:478120-Dec-2013</subfield>
    <subfield code="c">ME ETC</subfield>
    <subfield code="b">4665.93</subfield>
  </datafield>
  <datafield tag="999" ind1=" " ind2=" ">
    <subfield code="c">335328</subfield>
    <subfield code="d">335328</subfield>
  </datafield>
  <datafield tag="952" ind1=" " ind2=" ">
    <subfield code="0">0</subfield>
    <subfield code="1">0</subfield>
    <subfield code="2">ddc</subfield>
    <subfield code="3">Ref 1561 E (46535)</subfield>
    <subfield code="4">0</subfield>
    <subfield code="7">3</subfield>
    <subfield code="a">CCEP</subfield>
    <subfield code="b">CCEP</subfield>
    <subfield code="d">2014-02-13</subfield>
    <subfield code="e">Technical Book Services</subfield>
    <subfield code="f">ME ETC</subfield>
    <subfield code="g">13997.77</subfield>
    <subfield code="i">4781</subfield>
    <subfield code="o">621.39'5</subfield>
    <subfield code="p">CCEP-BK-46535</subfield>
    <subfield code="r">2023-07-18 00:00:00</subfield>
    <subfield code="t">4665.93</subfield>
    <subfield code="v">18663.70</subfield>
    <subfield code="w">2013-12-20</subfield>
    <subfield code="y">BK</subfield>
    <subfield code="z">046535</subfield>
  </datafield>
</record>
